| 000 | 00769nam a22002177a 4500 | ||
|---|---|---|---|
| 005 | 20230322122600.0 | ||
| 008 | 230306b mx ||||| |||| 00| 0 spa d | ||
| 020 | _a9786077086109 | ||
| 050 | 0 | 4 |
_aKGF3015 _bM36 2022 |
| 245 | 0 | 0 |
_aManual de periodismo judicial electoral _c / Saúl López Noriega, coordinación |
| 250 | _a1a ed. | ||
| 260 |
_aMéxico : _bTribunal Electoral del Poder Judicial de la Federación, _c2022 |
||
| 300 |
_a111 p. ; _c25 cm. |
||
| 650 | 7 |
_2lemb _aLibertad de información _zMéxico |
|
| 650 | 7 |
_2lemb _aLibertad de prensa _zMéxico |
|
| 650 | 7 |
_2lemb _aDerecho electoral _yMéxico |
|
| 700 | 1 |
_aLópez Noriega, Saúl, _ecoordinador |
|
| 700 | 1 |
_aAlcudia, José Luis _eautor |
|
| 700 | 1 |
_aÁlvarez Mendiola, Rubén _eautor |
|
| 942 |
_2lcc _cLIB |
||
| 999 |
_c130000 _d130000 |
||